| 000 -LEADER |
| fixed length control field |
01991cam a2200313 a 4500 |
| 001 - CONTROL NUMBER |
| control field |
1161647 |
| 005 - DATE AND TIME OF LATEST TRANSACTION |
| control field |
20170105102933.0 |
| 008 - FIXED-LENGTH DATA ELEMENTS--GENERAL INFORMATION |
| fixed length control field |
960325s1996 ilu 001 0 eng |
| 010 ## - LIBRARY OF CONGRESS CONTROL NUMBER |
| LC control number |
96013195 |
| 020 ## - INTERNATIONAL STANDARD BOOK NUMBER |
| International Standard Book Number |
0226458075 (cloth : alk. paper) |
| 020 ## - INTERNATIONAL STANDARD BOOK NUMBER |
| International Standard Book Number |
0226458083 (pbk. : alk. paper) |
| 040 ## - CATALOGING SOURCE |
| Original cataloging agency |
DLC |
| Transcribing agency |
DLC |
| Modifying agency |
DLC |
| 050 00 - LIBRARY OF CONGRESS CALL NUMBER |
| Classification number |
Q175 |
| Item number |
.K95 1996 |
| 082 00 - DEWEY DECIMAL CLASSIFICATION NUMBER |
| Classification number |
501 |
| Edition number |
20 |
| 100 1# - MAIN ENTRY--PERSONAL NAME |
| Personal name |
Kuhn, Thomas S. |
| 245 14 - TITLE STATEMENT |
| Title |
The structure of scientific revolutions / |
| Statement of responsibility, etc. |
Thomas S. Kuhn. |
| 250 ## - EDITION STATEMENT |
| Edition statement |
3rd ed. |
| 260 ## - PUBLICATION, DISTRIBUTION, ETC. |
| Place of publication, distribution, etc. |
Chicago, IL : |
| Name of publisher, distributor, etc. |
University of Chicago Press, |
| Date of publication, distribution, etc. |
1996. |
| 300 ## - PHYSICAL DESCRIPTION |
| Extent |
xiv, 212 p. ; |
| Dimensions |
22 cm. |
| 500 ## - GENERAL NOTE |
| General note |
Includes index. |
| 520 ## - SUMMARY, ETC. |
| Summary, etc. |
The Structure of Scientific Revolutions is a landmark in intellectual history which has attracted attention far beyond its own immediate field. It is written with a combination of depth and clarity that make it an almost unbroken series of aphorisms. Its author, Thomas S. Kuhn, wastes little time on demolishing the logical empiricist view of science as an objective progression toward the truth. Instead he erects from ground up a structure in which science is seen to be heavily influenced by nonrational procedures, and in which new theories are viewed as being more complex than those they usurp but not as standing any closer to the truth. Science is not the steady, cumulative acquisition of knowledge that is portrayed in the textbooks. Rather, it is a series of peaceful interludes punctuated by intellectually violent revolutions . . . in each of which one conceptual world view is replaced by another |
| 650 #0 - SUBJECT ADDED ENTRY--TOPICAL TERM |
| Topical term or geographic name entry element |
Science |
| General subdivision |
Philosophy. |
| 650 #0 - SUBJECT ADDED ENTRY--TOPICAL TERM |
| Topical term or geographic name entry element |
Science |
| General subdivision |
History. |
| 856 42 - ELECTRONIC LOCATION AND ACCESS |
| Materials specified |
Publisher description |
| Uniform Resource Identifier |
<a href="http://www.loc.gov/catdir/description/uchi051/96013195.html">http://www.loc.gov/catdir/description/uchi051/96013195.html</a> |
| 856 41 - ELECTRONIC LOCATION AND ACCESS |
| Materials specified |
Table of contents |
| Uniform Resource Identifier |
<a href="http://www.loc.gov/catdir/toc/uchi051/96013195.html">http://www.loc.gov/catdir/toc/uchi051/96013195.html</a> |
| 906 ## - LOCAL DATA ELEMENT F, LDF (RLIN) |
| a |
7 |
| b |
cbc |
| c |
orignew |
| d |
1 |
| e |
ocip |
| f |
19 |
| g |
y-gencatlg |
| 942 ## - ADDED ENTRY ELEMENTS (KOHA) |
| Source of classification or shelving scheme |
|
| Koha item type |
Book |